02554nam a2200289 a 4500001001000000003000900010005001700019008003100036020000600067040002500073082002700098100003700125245011200162260003900274300002100313500006300334504003100397505150800428590002601936650004001962651004502002710005202047910001502099942001202114952012102126999001702247000016115DO-SdBNP20220405130853.0100226s2002 dr 000 0 spa d z  aDO-SdBNPbspacBPMSU a342.98bF224e 20022221 aFarías Campos, Félix,d1959-10aEstudio comparado de las constituciones políticas nacionales latinoamericanas /cFélix Farías Campos. aSanto Domingo :bUnicaribe,c2002. a815 p. ;c25 cm. aIncluye datos biográficos del autor en la contraportada. aBibliografía: p. 208-212 aDe la persona, la sociedad, el Estado y la nación 23 -- De la nacionalidad y la extranjería 27 -- De la educación y la cultura nacional 63 -- Del régimen económico 105 -- De la estructura del Estado y de las garantías constitucionales 141 -- De la reforma de la constitución 157 -- De las diferencias entre las constituciones 177 -- Conclusiones 205 -- ANEXOS -- Constitución de la nación de Argentina 215 -- Constitución política del Estado de Bolivia 229 -- Constitución de la República Federativa del Brasil 250 -- Constitución política de Chile 307 -- Constitución política de Colombia 349 -- Constitución política de la República de Costa Rica 397 -- Constitución de la República de Cuba 417 -- Constitución de la República Dominicana 433 -- Constitución política de la República del Ecuador 447 -- Constitución política de la República de El Salvador 467 -- Constitución política de la República de Guatemala 491 -- Constitución de Haití 521 -- Constitución de la República de Honduras 545 -- Constitución política de México 574 -- Constitución política de la República de Nicaragua 623 -- Constitución de la República de Panamá 637 -- Constitución de la República de Paraguay 667 -- Constitución de la República del Perú 701 -- Constitución del Estado Libre Asociado de Puerto Rico 723 -- Constitución de la República Oriental del Uruguay 737 -- Constitución política de Venezuela 775 aInventariado, 2022/VM 4aConstituciones zAmérica Latina 4aAmérica LatinaxDerecho constitucional aUniversidad del Caribe (República Dominicana) aVMateo V.  2ddccBK 00102ddc40708CDaBPMETbBPMETd2022-04-05oBPMSU CD 342.98 F224e 2002pBPMSU22040012r2022-04-05w2022-04-05yBK c14142d14142